[Event "Linares NL m1"]
[Site "Linares"]
[Date "1993.??.??"]
[Round "6"]
[White "Hernandez, Gilberto"]
[Black "Martin del Campo, Roberto"]
[Result "1/2-1/2"]
[WhiteElo "2535"]
[BlackElo "2510"]

1.e4 c5 2.Nc3 Nc6 3.Nge2 Nd4 4.d3 g6 5.Nxd4 cxd4 6.Ne2 Bg7 7.g3 d5 8.Bg2 dxe4
9.dxe4 e5 10.O-O Ne7 11.Bg5 h6 12.Bxe7 Qxe7 13.c3 O-O 14.cxd4 exd4 15.Nf4 Qd6
16.Qd2 Bd7 17.Rfe1 Rfe8 18.Nd3 g5 19.Rac1 Qg6 20.Nb4 Rac8 21.Rxc8 Bxc8 22.Nd3 Bd7
23.f3 Qa6 24.Nc5 Qc6 25.Nxd7 Qxd7 26.Bf1 Rc8 27.Rc1 Rxc1 28.Qxc1 g4 29.Qd1 Qc6
30.Kg2 gxf3+ 31.Kxf3 Qf6+ 32.Kg2 Qe6 33.Qb1 h5 34.b3 h4 35.Qd3 Be5 36.Qf3 hxg3
37.hxg3 Qg6 38.Bc4 Kf8 39.a4 Ke7 40.Bd5 b6 41.g4 Qh7 42.b4 Qh2+ 43.Kf1 Bf4
44.Qg2 Qh6 45.Qf3 f6 46.Bc4 Bd6 47.e5 fxe5 48.Qf7+ Kd8 49.Qd5 Qf4+ 50.Ke1 Ke7
51.b5 Bb4+ 52.Ke2 Qxg4+ 53.Qf3 Qxf3+ 54.Kxf3 Kd6 55.Ke4 Be1 56.Be2 Bg3 57.Kd3 Kc5
58.Bf3 Kb4 59.Bd1 Bf2 60.Bc2 Bh4 61.Bd1 Bf6 62.Bc2 Bg7 63.Bd1 Bf6 64.Bc2 Be7
65.Bd1 Bc5 66.Bc2 e4+ 67.Kxe4 Kc3 68.Bd3 Kb3 69.Kd5 Kxa4 70.Kc4 Ka3 71.Be4 Kb2
72.Bf5 Kc1 73.Bg6 Kd2 74.Bf5 Ke3 75.Bg6 Bd6 76.Bf5 Bc5 77.Bg6 Kf4 78.Bh7 Ke5
79.Bd3 Kd6 80.Bc2 Kc7 81.Be4  1/2-1/2

[Event "Linares NL"]
[Site "Linares"]
[Date "1993.??.??"]
[Round "9"]
[White "Garcia, Gildardo"]
[Black "Spangenberg, Hugo"]
[Result "1/2-1/2"]
[WhiteElo "2520"]
[BlackElo "2505"]

1.e4 c5 2.Nf3 Nc6 3.Nc3 g6 4.d4 cxd4 5.Nxd4 Bg7 6.Be3 Nf6 7.Bc4 O-O 8.Bb3 e6
9.O-O d5 10.exd5 exd5 11.h3 Re8 12.Qd2 Na5 13.Rad1 a6 14.Bg5 Be6 15.Rfe1 Nxb3
16.axb3 Rc8 17.Re2 Qd7 18.Rde1 b5 19.Bh6 Bh8 20.Qd3 Qd6 21.Ra1 Nd7 22.Nxe6 fxe6
23.Ne4 Qc6 24.Ng5 Ne5 25.Qe3 Nf7 26.Nxf7 Kxf7 27.Qa7+ Re7 28.Qxa6 Bxb2 29.Qxc6 Rxc6
30.Ra8 Bg7 31.Bxg7 Kxg7 32.Rb8 Rec7 33.Re3 Kf7 34.Rxb5 Rxc2  1/2-1/2

[Event "Linares NL"]
[Site "Linares"]
[Date "1993.??.??"]
[Round "9"]
[White "Martin del Campo, Roberto"]
[Black "Garmendez, Florentino"]
[Result "0-1"]
[WhiteElo "2410"]
[BlackElo "2310"]

1.e4 c5 2.Nc3 Nc6 3.Nge2 g6 4.d4 cxd4 5.Nxd4 Bg7 6.Nb3 d6 7.Be2 Nf6 8.O-O Be6
9.Bg5 a5 10.a4 O-O 11.f4 Rc8 12.Kh1 Nb4 13.Nd4 Bc4 14.Ndb5 Qb6 15.Bh4 Qe3
16.Bxc4 Rxc4 17.Rf3 Qc5 18.Qe2 Qc8 19.Na7 Qe6 20.Re1 d5 21.e5 Ne4 22.Nab5 Rfc8
23.Rd1 Nxc3 24.bxc3 Nc6 25.Bf2 Rxa4 26.Qd2 Qd7 27.Rd3 e6 28.Nd6 Rf8 29.Rb1 Rb8
30.h3 b5 31.Bg3 Bf8 32.Qf2 Bxd6 33.exd6 f5 34.Re3 Qxd6 35.Qe2 Kf7 36.Rxb5 Rc4
37.Rxb8 Nxb8 38.Rd3 a4 39.Kh2 a3 40.Rd1 Rxc3 41.Ra1 Nd7 42.Qd2 Qc5 43.Bf2 Rxc2
44.Bxc5 Rxd2 45.Bxa3 Rc2 46.Rb1 Rc7 47.Bd6 Rc6 48.Ba3 e5 49.fxe5 Ke6 50.Rb7 d4
51.Kg1 Nxe5 52.Rxh7 Nc4 53.Bb4 Rb6 54.Be1 Rb1 55.Kf2 Rb2+ 56.Kg3 d3 57.Rg7 Ne5
58.h4 d2 59.Bxd2 Rxd2 60.h5 Rd3+ 61.Kh4 Kf6 62.h6 Rd1 63.g4 Rh1+ 64.Kg3 Rxh6  0-1

[Event "Ljubljana op"]
[Site "Ljubljana"]
[Date "1993.??.??"]
[Round "?"]
[White "Srebrnic, Vojko"]
[Black "Levin, Felix"]
[Result "1/2-1/2"]
[WhiteElo "2240"]
[BlackElo "2510"]

1.e4 c5 2.Nc3 Nc6 3.Bb5 Nd4 4.Bc4 e6 5.Nf3 Ne7 6.Nxd4 cxd4 7.Ne2 Nc6 8.c3 Ne5
9.d3 Nxc4 10.dxc4 dxc3 11.Nxc3 Qc7 12.Qd3 a6 13.O-O Be7 14.Be3 d6 15.Na4 O-O
16.Nb6 Rb8 17.Rac1 Rd8 18.Rfd1 Bd7 19.Nxd7 Rxd7 20.b3 Rdd8 21.Bd4 Qa5 22.Qc3 Qxc3
23.Rxc3 g6 24.Bb6 Rdc8 25.a4 Rc6 26.a5 Bd8 27.Bxd8 Rxd8 28.Rcd3 Kf8 29.Kf1 Ke7
30.e5 d5 31.cxd5 exd5 32.Rxd5 Rxd5 33.Rxd5 Ke6 34.Rd4 Rc5 35.Rd6+ Kxe5 36.Rd7 Rb5
37.Rxf7 h5 38.Rg7 Kf6 39.Rd7 Rxb3 40.h4 Rb5 41.f3 Ke5 42.g3 Rb2 43.Re7+ Kf6
44.Rd7 Ke5 45.Re7+ Kf6 46.Rd7 Rb5 47.Ke2 Rxa5 48.Rxb7 Rb5 49.Ra7 Rb6 50.Ke3 Ke5
51.Re7+ Re6 52.Ra7 Kf5+ 53.Kd4 Rb6 54.Rf7+ Ke6 55.Ra7 Rb4+ 56.Ke3 Ra4 57.Rg7 Kf6
58.Ra7 a5 59.Ra6+ Kf5 60.g4+ hxg4 61.fxg4+ Rxg4 62.Rxa5+ Kf6 63.h5  1/2-1/2

[Event "London Lloyds"]
[Site "London"]
[Date "1993.??.??"]
[Round "3"]
[White "Mortazavi, Ali"]
[Black "Gallagher, Joseph G"]
[Result "0-1"]
[WhiteElo "2345"]
[BlackElo "2515"]

1.e4 c5 2.Nc3 Nc6 3.Nge2 e6 4.g3 Nf6 5.Bg2 Be7 6.O-O O-O 7.h3 a6 8.f4 d5
9.e5 Nd7 10.Kh2 b5 11.d4 Nb6 12.a3 Bb7 13.f5 cxd4 14.Nxd4 Nxe5 15.fxe6 fxe6
16.Bf4 Qd6 17.Qe2 Bf6 18.h4 Nbd7 19.Bh3 Rae8 20.Rad1 Qb6 21.Bg5 Bxg5 22.Rxf8+ Nxf8
23.hxg5 Nf7 24.Nf3 Qc5 25.Rf1 e5 26.Nh4 d4 27.Ne4 Qc4 28.Qe1 Bxe4 29.Qxe4 Nxg5
30.Qb7 Nxh3 31.Nf5 Qe2+  0-1

[Event "Loosdorf op"]
[Site "Loosdorf"]
[Date "1993.??.??"]
[Round "3"]
[White "Neumeier, Klaus"]
[Black "Lanc, Alois"]
[Result "1/2-1/2"]
[WhiteElo "2330"]
[BlackElo "2445"]

1.e4 c5 2.Nf3 Nc6 3.Nc3 d6 4.d4 cxd4 5.Nxd4 Nf6 6.Bc4 Bd7 7.Bb3 g6 8.f3 Nxd4
9.Qxd4 Bg7 10.Bg5 O-O 11.O-O-O h6 12.Bh4 Bc6 13.Qe3 Qa5 14.Rhe1 g5 15.Bg3 Nd7
16.Nd5 Bxd5 17.Rxd5 Qb6 18.h4 Qxe3+ 19.Rxe3 Ne5 20.hxg5 hxg5 21.Be1 Bh6 22.Kd1 Kh7
23.Rc3 Rac8 24.Rxc8 Rxc8 25.Bc3 Bg7 26.Ke2 Kg6 27.Kf2 f5 28.exf5+ Kxf5 29.g3 Kg6
30.Bxe5  1/2-1/2

[Event "Lublin-B"]
[Site "Lublin"]
[Date "1993.??.??"]
[Round "9"]
[White "Bjerring, Kai"]
[Black "Pyda, Zbigniew"]
[Result "1/2-1/2"]
[WhiteElo "2350"]
[BlackElo "2290"]

1.e4 c5 2.Nf3 Nc6 3.Nc3 Nf6 4.Bb5 g6 5.O-O Bg7 6.Bxc6 dxc6 7.d3 O-O 8.h3 b6
9.Be3 Ne8 10.Qd2 Nc7 11.Bh6 Ne6 12.Ne2 f6 13.Bxg7 Kxg7 14.b3 Bd7 15.Qe3 Qc7
16.Nh2 Rad8 17.f4 Nd4 18.Rac1 Bc8 19.Rf2 e5 20.Nxd4 cxd4 21.Qd2 f5 22.exf5 Rxf5
23.fxe5 Rxe5 24.Rcf1 Rf5 25.Rxf5 Bxf5 26.Qg5 h6 27.Qh4 c5 28.g4 g5 29.Qf2 Bg6
30.h4 Qd6 31.hxg5 hxg5 32.Qd2 Qg3+ 33.Qg2 Qxg2+ 34.Kxg2 Re8 35.Nf3 Re2+ 36.Rf2 Rxf2+
37.Kxf2 Kf6 38.a4 Be8 39.Kg3 Bc6 40.Kg2 Bd5 41.Kg3 a6 42.Nd2 b5 43.axb5 axb5
44.Nf3 Bxf3 45.Kxf3 Ke5 46.Kg3 Kd6 47.Kf2 Ke6 48.Kg2 Kd6 49.Kf2 Kc6 50.Ke2  1/2-1/2

[Event "Wch Team"]
[Site "Luzern"]
[Date "1993.??.??"]
[Round "4"]
[White "Franzoni, Giancarlo"]
[Black "Arencibia, Walter"]
[Result "1/2-1/2"]
[WhiteElo "2440"]
[BlackElo "2485"]

1.e4 c5 2.Nc3 Nc6 3.Nge2 Nf6 4.d4 cxd4 5.Nxd4 e6 6.Be2 Bb4 7.O-O d6 8.Be3 O-O
9.Ndb5 a6 10.a3 Bc5 11.Nd4 Qc7 12.Qd2 Bd7 13.Rad1 Rfd8 14.Nb3 Bxe3 15.Qxe3 b5
16.f4 b4 17.axb4 Nxb4 18.Rd2 Rab8 19.e5 dxe5 20.fxe5 Nfd5 21.Nxd5 Nxd5 22.Qg3 Bb5
23.Bxb5 Rxb5 24.Rdf2 Rf8 25.Nd4 Rbb8 26.c3 Ne7 27.h4 Ng6 28.Re1 Ne7 29.h5 Nf5
30.Nxf5 exf5  1/2-1/2

[Event "Wch Team"]
[Site "Luzern"]
[Date "1993.??.??"]
[Round "7"]
[White "Iuldachev, Saidali"]
[Black "Anastasian, Ashot"]
[Result "0-1"]
[WhiteElo "2445"]
[BlackElo "2530"]

1.e4 c5 2.Nf3 Nc6 3.Nc3 e6 4.Bb5 Nge7 5.O-O a6 6.Bxc6 Nxc6 7.d4 cxd4 8.Nxd4 d6
9.Re1 Be7 10.Nxc6 bxc6 11.Qg4 Kf8 12.b3 e5 13.Qg3 h5 14.h3 g5 15.Ba3 Qa5
16.Na4 Be6 17.Rad1 Rd8 18.Re2 f6 19.Qe3 Kf7 20.Red2 Qc7 21.Qb6 Qxb6 22.Nxb6 Rb8
23.Nc4 Bxc4 24.bxc4 c5 25.Rd3 g4 26.Kf1 Ke6 27.Ke2 a5 28.Rb3 Rxb3 29.cxb3 gxh3
30.gxh3 f5 31.exf5+ Kxf5 32.Rg1 Rb8 33.Rg7 Kf6 34.Rg3 a4 35.Bc1 Rb4 36.Rf3+ Ke6
37.bxa4 Rb1 38.Rc3 Bd8 39.Kd1 Bg5 40.f3 Ra1 41.a5 Bxc1 42.Rxc1 Rxa2 43.Rc3 Rxa5
44.Re3 Ra1+ 45.Kd2 Ra2+ 46.Ke1 Rh2 47.Re4 Rxh3 48.Kf2 Rh2+ 49.Kg1 Rd2 50.Rh4 Rd4
51.Re4 Kf5  0-1

[Event "Lyon op"]
[Site "Lyon"]
[Date "1993.??.??"]
[Round "7"]
[White "Wittmann, Karl"]
[Black "Lanka, Zigurds"]
[Result "0-1"]
[WhiteElo "2280"]
[BlackElo "2545"]

1.e4 c5 2.Nf3 Nc6 3.Nc3 d6 4.d4 cxd4 5.Nxd4 Nf6 6.Be2 e5 7.Nb3 Be7 8.O-O O-O
9.Be3 a5 10.a3 Be6 11.f4 exf4 12.Rxf4 Nd7 13.Nd4 Nxd4 14.Bxd4 Ne5 15.Nd5 Bg5
16.Rf1 Bxd5 17.exd5 Qe7 18.Bd3 g6 19.Qe2 Bf6 20.Rae1 Nf3+ 21.Qxf3 Bxd4+ 22.Kh1 Qg5
23.c3 Be5 24.Qe3 Qh4 25.g3 Qh3 26.Be4 b5 27.Bg2 Qd7 28.Rf2 Rae8 29.Qb6 Bd4
30.Qxd4 Rxe1+ 31.Rf1 Rfe8  0-1

[Event "Marostica op"]
[Site "Marostica"]
[Date "1993.??.??"]
[Round "5"]
[White "Mantovani, Renzo"]
[Black "Nurkic, Sahbaz"]
[Result "1-0"]
[WhiteElo "2380"]
[BlackElo "2395"]

1.e4 c5 2.Nf3 Nc6 3.Nc3 a6 4.d4 cxd4 5.Nxd4 e5 6.Nf5 d6 7.Ne3 Be6 8.Ned5 Nf6
9.Be3 Bxd5 10.Nxd5 Nxd5 11.Qxd5 Be7 12.Bc4 O-O 13.O-O Rc8 14.c3 b5 15.Be2 Bg5
16.Bg4  1-0

[Event "Matra op"]
[Site "Matra"]
[Date "1993.??.??"]
[Round "?"]
[White "Landa, Konstantin"]
[Black "Foldi, Istvan"]
[Result "1-0"]
[WhiteElo "2455"]
[BlackElo "2310"]

1.e4 c5 2.Nc3 Nc6 3.Nf3 g6 4.d4 cxd4 5.Nxd4 Bg7 6.Be3 Nf6 7.Bc4 O-O 8.O-O d6
9.h3 Bd7 10.Bb3 Na5 11.Qd3 Nxb3 12.axb3 a6 13.Nd5 e6 14.Nxf6+ Qxf6 15.Ne2 Bc6
16.Bd4 e5 17.Be3 Qh4 18.f3 Rad8 19.c4 f5 20.Nc3 Rf7 21.Bf2 Qg5 22.Rfe1 fxe4
23.fxe4 Rdf8 24.Re2 Bd7 25.Qg3 Qxg3 26.Bxg3 Rc8 27.Bf2 Be6 28.Bb6 g5 29.Re3 h5
30.Rf1 Rcf8 31.Rd1 g4 32.h4 Bf6 33.Rxd6 Bc8 34.g3 Bd8 35.Re2 Rd7 36.Bc5 Rf3
37.Rxd7 Rxg3+ 38.Kh2 Rh3+ 39.Kg2 Bxd7 40.Rd2 Bxh4 41.Rxd7 Rg3+ 42.Kf1 Bg5
43.Be7 Rf3+ 44.Ke2 Re3+ 45.Kf1 Rf3+ 46.Kg2 h4 47.Bxg5 h3+ 48.Kg1 g3 49.Rd1 Rf2
50.Bh4 Rg2+ 51.Kh1 Rh2+ 52.Kg1 Rg2+ 53.Kf1 Rf2+ 54.Ke1 h2 55.Bxg3 h1=Q+ 56.Kxf2 Qh5
57.Rd3 Qf7+ 58.Rf3 Qc7 59.Kg2 Qc5 60.Nd5 Qa5 61.Rf2 Qa2 62.Bxe5 Qb1 63.Ne7+ Kh7
64.Rf7+ Kh6 65.Nf5+ Kh5 66.Rh7+ Kg5 67.Rg7+ Kh5 68.Ng3+ Kh6 69.Kh3 Qd3 70.Kg4 Qd1+
71.Kf4 Qd2+ 72.Kf5 Qf2+ 73.Kg4 Qg2 74.Bd4 a5 75.Rf7  1-0

[Event "Matra op"]
[Site "Matra"]
[Date "1993.??.??"]
[Round "?"]
[White "Eismont, Oleg"]
[Black "Lazar, Andras"]
[Result "1-0"]
[WhiteElo "2440"]
[BlackElo "2220"]

1.e4 c5 2.Nf3 Nc6 3.Nc3 e5 4.Bc4 Be7 5.d3 Nf6 6.Ng5 O-O 7.f4 d6 8.O-O Na5
9.f5 Nxc4 10.dxc4 Bd7 11.Qe2 Bc6 12.Kh1 Rb8 13.a4 b6 14.Nf3 Kh8 15.Rg1 Qc7
16.g4 Qb7 17.Nd2 g6 18.Nd5 gxf5 19.gxf5 Rg8 20.Rxg8+ Rxg8 21.Ra3 Qd7 22.Nf1 Bxd5
23.cxd5 Rg4 24.Ng3 Qe8 25.h3 Rg8 26.Bh6 Bf8 27.Bd2 Be7 28.Kh2 Qf8 29.Nf1 Bd8
30.Rg3 Be7 31.b3 Bd8 32.Rxg8+ Kxg8 33.Ng3 a5 34.Be3 Kh8 35.Qd2 Be7 36.Bg5 Ng8
37.Be3 Nf6 38.Bh6 Qe8 39.Qe2 Qg8 40.Qa6 Qd8 41.Qb7 Kg8 42.Kg2 Kh8 43.Kf3 Kg8
44.Ke2 Ne8 45.Qc6 Nf6 46.Kd3 Nd7 47.Kc4 Nf6 48.Kb5 Nd7 49.f6 Nxf6 50.Qxb6 Qd7+
51.Qc6 Qd8 52.Nf5 Qb8+ 53.Kxa5 Qa7+ 54.Kb5 Bd8 55.Kc4 Qa5 56.c3 Bc7 57.Bg5  1-0

[Event "Matra op"]
[Site "Matra"]
[Date "1993.??.??"]
[Round "?"]
[White "Lengyel, Laszlo"]
[Black "Mochalov, Evgeny V"]
[Result "1-0"]
[WhiteElo "2185"]
[BlackElo "2420"]

1.e4 c5 2.Nc3 Nc6 3.Nge2 d6 4.g3 g6 5.Bg2 Bg7 6.O-O e6 7.d3 Nge7 8.Be3 Nd4
9.Qd2 O-O 10.Rae1 Rb8 11.Nd1 b5 12.c3 Nxe2+ 13.Rxe2 b4 14.Bh6 Qa5 15.Bxg7 Kxg7
16.e5 d5 17.Qg5 Ng8 18.h4 Qxa2 19.Bf3 Qa5 20.Rfe1 Ba6 21.Rd2 bxc3 22.bxc3 Rb1
23.d4 Bc4 24.Qe3 Rc8 25.Kg2 h6 26.Bg4 Bb3 27.h5 cxd4 28.cxd4 Rc2 29.Rd3 Rcc1
30.hxg6 Kxg6 31.Rh1 Bxd1 32.Bxd1 Kg7 33.Qf4 Qc7 34.Rh4 Kf8 35.Qf3 a5 36.Rf4 Qe7
37.Qh5 Rc7 38.Rdf3 Qe8 39.Ba4 Qe7 40.Qg6 Rb4 41.Rg4 Qg5 42.Rxg5 hxg5 43.Qxg5 f6
44.exf6 Rh7 45.Be8 Rbb7 46.Bg6  1-0

[Event "Melbourne"]
[Site "Melbourne"]
[Date "1993.??.??"]
[Round "10"]
[White "Noble, Mark Frederick"]
[Black "Jamieson, Robert Murray"]
[Result "0-1"]
[WhiteElo "2310"]
[BlackElo "2455"]

1.e4 c5 2.Nf3 Nc6 3.Nc3 Nd4 4.Bc4 d6 5.Nxd4 cxd4 6.Ne2 e5 7.c3 dxc3 8.bxc3 Nf6
9.Ng3 Be7 10.Qa4+ Nd7 11.Nf5 O-O 12.Ba3 Nb6 13.Nxe7+ Qxe7 14.Qb3 Qg5 15.Bxd6 Nxc4
16.Qxc4 Rd8 17.f4 Qxg2 18.O-O-O Rxd6 19.Qc7 Qg6 20.Rhg1 Qe6 21.Rg5 exf4 22.d4 Qd7
23.Re5 Rc6 24.Qa5 b6 25.Qd5 h6 26.Qb3 Ba6  0-1

[Event "Melbourne"]
[Site "Melbourne"]
[Date "1993.??.??"]
[Round "10"]
[White "Sarapu, Ortvin"]
[Black "Wallace, John Paul"]
[Result "1-0"]
[WhiteElo "2300"]
[BlackElo "2275"]

1.e4 c5 2.Ne2 Nc6 3.Nbc3 g6 4.g3 Bg7 5.Bg2 e6 6.O-O Nge7 7.d3 O-O 8.Be3 Nd4
9.Qd2 d6 10.Rae1 Rb8 11.Nd1 Nxe2+ 12.Rxe2 Nc6 13.c3 Re8 14.f4 f5 15.Nf2 Qd7
16.g4 Kh8 17.Kh1 b6 18.Rg1 Bb7 19.gxf5 exf5 20.exf5 Qxf5 21.Ne4 Rbd8 22.Ng3 Qg4
23.f5 gxf5 24.Rf2 Re5 25.Bg5 f4 26.Bxf4 Ree8 27.Bd5 Na5 28.Bxb7 Nxb7 29.Ne4 Qe6
30.Bg5 d5 31.Bxd8 Nxd8 32.Ng5 Qe7 33.Qf4 Rf8 34.Qh4 Bf6 35.Qh5 Nc6 36.Re2 Qd7
37.Ne6 Rf7 38.Nf4  1-0

[Event "BLR-ch"]
[Site "Minsk"]
[Date "1993.??.??"]
[Round "?"]
[White "Kupreichik, Viktor D"]
[Black "Korzubov, Peter"]
[Result "1/2-1/2"]
[WhiteElo "2560"]
[BlackElo "2465"]

1.e4 c5 2.Nf3 Nc6 3.Nc3 e5 4.Bc4 d6 5.d3 Be6 6.Bxe6 fxe6 7.Ne2 Nf6 8.c3 d5
9.exd5 exd5 10.O-O Bd6 11.Ng3 O-O 12.a3 a5 13.Qb3 a4 14.Qc2 Qd7 15.c4 Nd4
16.Nxd4 exd4 17.Bg5 Bxg3 18.hxg3 Qf5 19.Bxf6 Rxf6 20.Rfe1 Qh5 21.f4 Qg4 22.Qf2 dxc4
23.dxc4 Re6 24.f5 Rxe1+ 25.Rxe1 Rf8 26.Re5 b6 27.Qf3 Qxf3 28.gxf3 g6 29.Re6 Rxf5
30.Kf2 Rh5 31.Kg2  1/2-1/2

[Event "Minsk"]
[Site "Minsk"]
[Date "1993.??.??"]
[Round "?"]
[White "Gipslis, Aivars"]
[Black "Golod, Vitali"]
[Result "1/2-1/2"]
[WhiteElo "2490"]
[BlackElo "2485"]

1.e4 c5 2.Nf3 Nc6 3.Nc3 e6 4.Bb5 Nge7 5.O-O a6 6.Bxc6 Nxc6 7.d4 cxd4 8.Nxd4 d6
9.Re1 Bd7 10.Nxc6 bxc6 11.e5 dxe5 12.Rxe5 Be7 13.Bf4 O-O 14.Re3 Bc8 15.Qh5 g6
16.Qh6 f6 17.Rd1 Qb6 18.Bd6 Ra7 19.Red3 Qxb2 20.Bxe7 Rxe7 21.h4 Qb4 22.a3 Qc4
23.f3 f5 24.Qg5 Ree8 25.h5 Qc5+ 26.Kh2 Qe7 27.Qxe7 Rxe7 28.hxg6 hxg6 29.Rd6 Kf7
30.Na4 e5 31.Nc5 e4 32.fxe4 fxe4 33.Rf1+ Kg7 34.Rxf8  1/2-1/2

[Event "Minsk-C"]
[Site "Minsk"]
[Date "1993.??.??"]
[Round "5"]
[White "Zemerov, Vladimir"]
[Black "Yagupov, Igor"]
[Result "0-1"]
[WhiteElo "2455"]
[BlackElo "2415"]

1.e4 c5 2.Nc3 Nc6 3.Nf3 d6 4.Bb5 Bd7 5.Bxc6 Bxc6 6.d4 cxd4 7.Qxd4 h6 8.Be3 e5
9.Qd3 Nf6 10.O-O-O Be7 11.Rhe1 a6 12.Kb1 b5 13.Ng1 O-O 14.f3 b4 15.Nd5 Nxd5
16.exd5 Bd7 17.Ne2 a5 18.Ng3 Bg5 19.Qd2 Rc8 20.Bxg5 hxg5 21.Rc1 f5 22.c4 bxc3
23.Rxc3 Rxc3 24.Qxc3 Qb6 25.Qd2 Rb8 26.Ka1 Qb4 27.Rd1 g6 28.Ne2 Ba4 29.b3 Be8
30.Nc3 Kf7 31.h3 Kf6 32.g3 Bf7 33.Qb2 Rh8 34.a3 Qc5 35.f4 gxf4 36.gxf4 Rxh3
37.fxe5+ dxe5 38.d6 Be6 39.d7 Bxd7 40.Ne4+ fxe4 41.Rxd7 Qc3  0-1

[Event "Mlada Boleslav op"]
[Site "Mlada Boleslav"]
[Date "1993.??.??"]
[Round "?"]
[White "Golod, Vitali"]
[Black "Bagaturov, Giorgi"]
[Result "1/2-1/2"]
[WhiteElo "2490"]
[BlackElo "2495"]

1.e4 c5 2.Nf3 Nc6 3.Nc3 d6 4.d4 cxd4 5.Nxd4 Nf6 6.Be2 g6 7.O-O Bg7 8.Be3 O-O
9.Nb3 Be6 10.f3 Qc8 11.Nd5 Bxd5 12.exd5 Ne5 13.Qd2 Nc4 14.Bxc4 Qxc4 15.Rfd1 Rfc8
16.Rac1 Nd7 17.c3 a5 18.Rc2 b5 19.Nc1 b4 20.b3 bxc3 21.bxc4 cxd2 22.Nb3 Ne5
23.Nxd2 Nd3 24.a3 Rab8 25.Kf1 Nb2 26.Re1 Nd3 27.Rd1 a4 28.Ke2 Ne5 29.c5 dxc5
30.Rxc5 Rxc5 31.Bxc5 Bf8 32.Rb1 Rd8 33.Rb7 Rxd5 34.Bxe7  1/2-1/2

[Event "Mlada Boleslav op"]
[Site "Mlada Boleslav"]
[Date "1993.??.??"]
[Round "?"]
[White "Vodicka, Vladimir"]
[Black "Capek, Ivan"]
[Result "1-0"]
[WhiteElo "2355"]
[BlackElo "2210"]

1.e4 c5 2.Nf3 Nc6 3.Nc3 d6 4.d4 cxd4 5.Nxd4 Nf6 6.Be3 e5 7.Nf3 Be7 8.Be2 h6
9.O-O O-O 10.Nd2 d5 11.exd5 Nxd5 12.Nxd5 Qxd5 13.Bc4 Qd8 14.Qh5 Bg5 15.Ne4 Bxe3
16.fxe3 Be6 17.Bxe6 fxe6 18.Rxf8+ Qxf8 19.Rf1 Qe7 20.a3 a5 21.Rf3 Rf8 22.Rxf8+ Kxf8
23.Qd1 b5 24.Qd6 Qxd6 25.Nxd6 Na7 26.Kf2 Ke7 27.Ne4 Nc8 28.Ke2 Nb6 29.b3 a4
30.Nc3 axb3 31.cxb3 b4 32.axb4 Kd6 33.Kd3 Nd7 34.Kc4 Nf6 35.h3 h5 36.Kb5 Nd5
37.Nd1 Nc7+ 38.Ka5 Kc6 39.Nc3 Na8 40.b5+ Kb7 41.Ne4 Nc7 42.Nd6+ Kb8 43.e4 Nd5
44.exd5 exd5 45.b6 e4 46.Kb4 e3 47.Kc3 d4+ 48.Kd3 g6 49.Nb5  1-0

[Event "Montecatini Terme op"]
[Site "Montecatini Terme"]
[Date "1993.??.??"]
[Round "?"]
[White "Lucaroni, Massimiliano"]
[Black "Leoncini, Mario"]
[Result "1/2-1/2"]
[WhiteElo "2295"]
[BlackElo "2250"]

1.e4 c5 2.Nc3 Nc6 3.Nf3 Nf6 4.d4 cxd4 5.Nxd4 e5 6.Ndb5 d6 7.Nd5 Nxd5 8.exd5 Nb8
9.Be3 a6 10.Na3 Nd7 11.Qd2 Be7 12.f4 O-O 13.Nc4 exf4 14.Bxf4 Nb6 15.Be3 Nxc4
16.Bxc4 Bh4+ 17.g3 Bf6 18.c3 Bh3 19.Bf1 Re8 20.Bxh3 Bg5 21.Be6 Bxe3 22.Qxe3 fxe6
23.dxe6 Qf6 24.O-O-O Rxe6 25.Qd4 Qg5+ 26.Qd2 Qxd2+ 27.Rxd2 Kf7 28.Rf1+ Ke7
29.Rdf2 Kd7 30.Rf7+ Re7 31.Rxe7+ Kxe7  1/2-1/2

[Event "Moscow blitz"]
[Site "Moscow"]
[Date "1993.??.??"]
[Round "?"]
[White "Balashov, Yuri S"]
[Black "Ivanovic, Bozidar"]
[Result "1-0"]
[WhiteElo "2545"]
[BlackElo "2470"]

1.e4 c5 2.Nc3 Nc6 3.Bb5 e6 4.Bxc6 bxc6 5.d3 e5 6.Nge2 d6 7.O-O Be7 8.f4 exf4
9.Bxf4 Bf6 10.Ng3 g6 11.Qd2 h5 12.e5 dxe5 13.Rae1 Kf8 14.Bxe5 Bxe5 15.Rxe5 h4
16.Nge4 Qd4+ 17.Qf2 f5 18.Rxc5 Qxf2+ 19.Rxf2 Ne7 20.Nd6 Bd7 21.Re2 Rh7 22.Rce5 g5
23.Na4 Ng6 24.Ra5 Nf4 25.Rf2 Re7 26.Nxf5 Re1+ 27.Rf1 Re2 28.Nxh4 Ke7 29.Rxg5 Ne6
30.Rg3  1-0

[Event "Nabereznye Chelny"]
[Site "Nabereznye Chelny"]
[Date "1993.??.??"]
[Round "?"]
[White "Berzinsh, Roland"]
[Black "Galliamova, Alisa"]
[Result "1-0"]
[WhiteElo "2395"]
[BlackElo "2445"]

1.e4 c5 2.Nc3 Nc6 3.Nge2 Nf6 4.g3 g6 5.Bg2 Bg7 6.O-O O-O 7.d3 d6 8.h3 Rb8
9.f4 Nd7 10.a4 a6 11.Nd5 b5 12.axb5 axb5 13.c3 e6 14.Ne3 Bb7 15.g4 Ra8 16.Rxa8 Qxa8
17.f5 Nce5 18.Nf4 Re8 19.h4 Nb6 20.fxe6 fxe6 21.g5 c4 22.d4 Ned7 23.Qf3 Nf8
24.h5 Re7 25.Ng4 Rf7 26.hxg6 Nxg6 27.Qe3 Nxf4 28.Rxf4 Qf8 29.Qg3 Rxf4 30.Bxf4 d5
31.Nh6+ Kh8 32.Bd6 Qe8 33.Be5 Nd7 34.Bxg7+ Kxg7 35.Qc7 Bc8 36.Ng4 Qf8 37.Nf6 Qf7
38.Qxc8 Nxf6 39.gxf6+ Qxf6 40.exd5 Qg5 41.Qd7+ Kh8 42.Qxe6 Qc1+ 43.Kh2  1-0

[Event "Nabereznye Chelny"]
[Site "Nabereznye Chelny"]
[Date "1993.??.??"]
[Round "?"]
[White "Muhutdinov, Marat"]
[Black "Filipenko, Alexander V"]
[Result "1/2-1/2"]
[WhiteElo "2475"]
[BlackElo "2395"]

1.e4 c5 2.Nf3 Nc6 3.Nc3 d6 4.d4 cxd4 5.Nxd4 Nf6 6.Bc4 e6 7.O-O Be7 8.Bb3 O-O
9.f4 Nxd4 10.Qxd4 b6 11.Kh1 Nd7 12.f5 Nc5 13.fxe6 fxe6 14.Bf4 Bb7 15.Qe3 Nxb3
16.axb3 Qc7 17.Rfd1 a6 18.Rd2 b5 19.e5 dxe5 20.Bxe5 Qc6 21.Rg1 Rf5 22.Ne2 Qe4
23.Qxe4 Bxe4 24.Bg3 Bc5 25.Nd4 Bxd4 26.Rxd4 Bxc2 27.b4 Bb3 28.Rc1 Raf8 29.h4 Rf1+
30.Rxf1 Rxf1+ 31.Kh2 Bd5 32.Rd2 Rc1 33.Be5 Re1 34.Bc3 Re3 35.Kg1 h5 36.Kf2 Re4
37.Rd4 Kf7 38.g3 Rg4 39.Rxg4 hxg4 40.Ke3 Bf3 41.Be5 g6 42.Kd4  1/2-1/2

[Event "New York op"]
[Site "New York"]
[Date "1993.??.??"]
[Round "2"]
[White "Hoffmann, A."]
[Black "Morgan, Matthew"]
[Result "0-1"]
[WhiteElo "2285"]
[BlackElo "2245"]

1.Nc3 c5 2.Nf3 Nc6 3.e4 Nf6 4.Bb5 g6 5.e5 Ng4 6.Bxc6 dxc6 7.h3 Nh6 8.g4 Bg7
9.d3 f5 10.exf6 exf6 11.Be3 O-O 12.Qd2 Nf7 13.Bxc5 Re8+ 14.Be3 f5 15.gxf5 Bxf5
16.O-O-O Qd7 17.Ng1 b5 18.Kb1 c5 19.Nce2 Qd5 20.Ng3 Be6 21.b3 b4 22.N1e2 Rad8
23.Qc1 Nd6 24.Nf4 Qe5 25.d4 Qf6 26.Rhg1 Bf7 27.Nd3 Nb5 28.Nxc5 Nc3+ 29.Ka1 Nxd1
30.Rxd1 Qc6 31.Kb1 Qg2 32.h4 h5 33.Ne2 Qg4 34.Qd2 Qxh4 35.Qxb4 Qg4 36.Qd2 h4
37.c4 g5 38.Rg1 Qf5+ 39.Qc2 Bg6 40.Qxf5 Bxf5+ 41.Kc1 g4 42.Kd2 Bf6 43.Nd3 Kf7
44.d5 Rg8 45.Bf4 Rde8 46.c5 Be4 47.d6 Bf3 48.Nc3 Bd4 49.Be3 Bxc3+ 50.Kxc3 g3
51.d7 Rxe3 52.fxe3 Ke6 53.e4 Bxe4 54.Re1 Kxd7 55.Rxe4 g2 56.Ne5+ Kc7 57.Nf3 Rg3  0-1

[Event "New York Marshall CC"]
[Site "New York"]
[Date "1993.??.??"]
[Round "11"]
[White "Young, Ronald"]
[Black "Olesen, Martin"]
[Result "1/2-1/2"]
[WhiteElo "2300"]
[BlackElo "2350"]

1.Nc3 c5 2.e4 Nc6 3.Nge2 g6 4.d4 cxd4 5.Nxd4 Bg7 6.Be3 d6 7.Qd2 Nf6 8.f3 O-O
9.Bc4 Bd7 10.Bb3 Rc8 11.h4 Ne5 12.h5 Nxh5 13.g4 Nf6 14.Bh6 Bxh6 15.Qxh6 Rxc3
16.bxc3 Qc7 17.Qe3 Rc8 18.Kd2 Nc4+ 19.Bxc4 Qxc4 20.Ne2 b5 21.Qd4 Qc5 22.Qxc5 Rxc5
23.Nf4 e5 24.Nd3 Rc7 25.a4 bxa4 26.Nb2 h5 27.gxh5 Nxh5 28.Nxa4 Nf4 29.Nb2 d5
30.exd5 Nxd5 31.Ra5 Nxc3 32.Rha1 Bf5 33.Nd3 a6 34.Rc5 Rxc5 35.Nxc5 Nb5 36.c3 Nd6
37.Rxa6 Nc4+ 38.Ke2 Kg7 39.Nb3 g5 40.Nd2 Nb2 41.Ra2 Nd3 42.Ke3 Nf4 43.c4 Be6
44.Rc2 f5 45.Nb3 Kf6 46.Nc5 Bf7 47.Nd7+ Ke6 48.Rd2 g4 49.fxg4 fxg4 50.Nb6 g3
51.c5 g2 52.Kf2 e4 53.Nc4 Nd3+  1/2-1/2

[Event "Nikolaev zt"]
[Site "Nikolaev"]
[Date "1993.??.??"]
[Round "?"]
[White "Golubev, Mihail"]
[Black "Shmuter, Leonid"]
[Result "1-0"]
[WhiteElo "2495"]
[BlackElo "2440"]

1.e4 c5 2.Nc3 Nc6 3.Nge2 g6 4.d4 cxd4 5.Nxd4 Bg7 6.Be3 Nf6 7.Bc4 O-O 8.Bb3 Ng4
9.Qxg4 Nxd4 10.Qd1 Nxb3 11.axb3 b6 12.Bd4 Bb7 13.Bxg7 Kxg7 14.Qd4+ f6 15.O-O Qc7
16.Rfe1 d6 17.Nd5 Qc5 18.Qxc5 bxc5 19.Nc7 Kf7 20.Nxa8 Rxa8 21.f3 a6 22.b4 c4
23.b5 axb5 24.Rxa8 Bxa8 25.Ra1 Bc6 26.Ra6 Bd7 27.Ra7 Ke6 28.g4 h5 29.gxh5 gxh5
30.Kf2 Bc6 31.Rc7 Be8 32.Ke3 Bg6 33.Rc8 d5 34.Rb8  1-0

[Event "Nis op"]
[Site "Nis"]
[Date "1993.??.??"]
[Round "?"]
[White "Marinkovic, Ivan"]
[Black "Manakova, Maria"]
[Result "1-0"]
[WhiteElo "2455"]
[BlackElo "2175"]

1.e4 c5 2.Nc3 Nc6 3.Nge2 Nf6 4.g3 d5 5.exd5 Nxd5 6.Bg2 Nc7 7.O-O g6 8.d3 Bg7
9.Ne4 Ne6 10.Nf4 Nxf4 11.Bxf4 c4 12.dxc4 Qxd1 13.Rfxd1 Bxb2 14.Rab1 Be5 15.Nc5 Bxf4
16.gxf4 Nd8 17.Nxb7 Bxb7 18.Bxb7 Rb8 19.c5 O-O 20.c6 Ne6 21.Rd7 Nc5 22.Rxe7 Kg7
23.Re5 Nxb7 24.cxb7 Rfd8 25.Ra5 Kf6 26.Rxa7 Rd7 27.a4 Ke7 28.a5 Kd6 29.Rd1+  1-0

[Event "Nis op"]
[Site "Nis"]
[Date "1993.??.??"]
[Round "?"]
[White "Cabrilo, Goran"]
[Black "Ilic, Zoran"]
[Result "1-0"]
[WhiteElo "2505"]
[BlackElo "2390"]

1.e4 c5 2.Nc3 Nc6 3.Nf3 e5 4.Bc4 d6 5.d3 Be7 6.Nd5 Nf6 7.c3 O-O 8.O-O h6
9.Re1 Nxd5 10.Bxd5 Be6 11.a3 Bf6 12.Qb3 Qd7 13.Be3 b6 14.Bxe6 fxe6 15.Rad1 Rac8
16.Qa2 Kh8 17.b4 cxb4 18.axb4 b5 19.Ra1 Rfe8 20.Qd2 Kh7 21.h3 Rc7 22.Reb1 Rb8
23.d4 exd4 24.cxd4 Rbb7 25.d5 exd5 26.exd5 Ne7 27.Ra6 Qf5 28.Rd1 Bc3 29.Qa2 Rc4
30.Rxd6 Bxb4 31.Rd8 Bc3 32.Qa6 Rd7 33.Qxb5 Rxd8 34.Qxc4 Rxd5 35.Rxd5 Nxd5
36.Bxa7 Bf6 37.Qb3 Qe4 38.Bb8 Nc3 39.Kh2 Qd3 40.Be5 Bxe5+ 41.Nxe5 Qd4 42.Qc2+ Kh8
43.Qf5 Nd1 44.Ng6+ Kh7 45.Ne7+  1-0